Não te esqueças de mim, Pai Natal! (Registo nº 1250)

Detalhes MARC
000 -Etiqueta do registo
Cabeçalho 00736nam0a2200253 4500
005 - Identificador da versão
Campo de controlo 20240813121830.0
010 ## - Número internacional normalizado dos livros (ISBN)
Número (ISBN) 9724144534
021 ## - Número do Depósito Legal
Código do país PT
Número 23112/05
100 ## - Dados gerais de processamento
Dados gerais de processamento 20150904d2005 c y0pory5003 ba
102 ## - Pais de publicação ou produção
País de publicação Portugal
101 0# - Língua de publicação
Língua do texto, banda sonora, etc. Português
215 ## - Descrição física 
Indicação específica da natureza do documento e extensão da espécie [32] p.
Outras indicações físicas il.
200 1# - Titulo e menção de responsabilidade
Título próprio Não te esqueças de mim, Pai Natal!
Primeira menção de responsabilidade Norbert Landa
Outras menções de responsabilidade il. Marlis Sharff-Kniemeyer
210 ## - Publicação, Distribuição, etc. 
Lugar da edição, distribuição, etc. Porto
Nome do editor, distribuidor, etc. Asa
Data da publicação, distribuição, etc. 2005
300 ## - Notas gerais 
Texto da nota Plano Nacional de Leitura
606 ## - Nome comum usado como assunto
Número de registo de entrada de autoridade 0002347
Palavra de ordem Literatura alemã
Subdivisão de assunto Conto
Código do sistema CA
675 ## - Classificação Decimal Universal (CDU)
Notação 821.112.2
Edição 3ª ed.
Língua da edição por
702 #1 - Nome de autor-pessoa física (responsabilidade secundária)
Número de registo de entrada de autoridade 0001762
Palavra de ordem Sharff-Kniemeyer
Outra parte do nome não tomada para palavra de ordem Marlis
Código de função Ilustrador / Técnico de desenho computorizado
700 #1 - Nome de autor-pessoa física (responsabilidade principal)
Número de registo de entrada de autoridade 0001303
Palavra de ordem Landa
Outra parte do nome não tomada para palavra de ordem Norbert
966 ## - Identificação da Biblioteca
Sigla EB2,3ENM
942 ## - Elementos de entrada adicionados (Koha)
Tipo de item no Koha Livro
Exemplares
Situação do levantamento Origin of item (home branch) (coded) Biblioteca de empréstimo Código de barras Cota Circulation type (not for loan) Tipo de documento Nota do exemplar Damaged status
  Biblioteca Escolar Eng. Nuno Mergulhão Biblioteca Escolar Eng. Nuno Mergulhão BENM2608 82LE-34 LAN PNL   Livro Sem mensagem  
  Biblioteca Escolar Eng. Nuno Mergulhão Biblioteca Escolar Eng. Nuno Mergulhão BENM2609 82LE-34 LAN PNL   Livro Sem mensagem